00281nam a2200109Ia 4500008004100000020001500041100001600056245003300072260001400105500002400119650002800143230524s9999 xx 000 0 und d a8176060208 aOscar Wilde 0aOscar Wilde Complete Stories bProjapoti aQuantity Number: 1 aPersonality Development